<?xml version="1.0" encoding="UTF-8"?>
<record
    xmlns:xsi="http://www.w3.org/2001/XMLSchema-instance"
    xsi:schemaLocation="http://www.loc.gov/MARC21/slim http://www.loc.gov/standards/marcxml/schema/MARC21slim.xsd"
    xmlns="http://www.loc.gov/MARC21/slim">

  <leader>05721nam a2200361   4500</leader>
  <controlfield tag="001">57251</controlfield>
  <controlfield tag="003">Biblioteca APEC</controlfield>
  <controlfield tag="005">20260218134953.0</controlfield>
  <controlfield tag="008">220716b2021    dr ||||| |||| 00| 0 spa d</controlfield>
  <datafield tag="040" ind1=" " ind2=" ">
    <subfield code="a">Biblioteca UNAPEC</subfield>
    <subfield code="b">spa</subfield>
    <subfield code="c">Biblioteca APEC</subfield>
    <subfield code="e">rda</subfield>
  </datafield>
  <datafield tag="041" ind1=" " ind2=" ">
    <subfield code="a">spa</subfield>
  </datafield>
  <datafield tag="072" ind1=" " ind2=" ">
    <subfield code="a">Facultad de Humanidades</subfield>
  </datafield>
  <datafield tag="090" ind1=" " ind2=" ">
    <subfield code="a">TPG-CI MAS-03 2021</subfield>
  </datafield>
  <datafield tag="100" ind1="1" ind2="0">
    <subfield code="a">Guzm&#xE1;n Hiciano, Maria Isabel</subfield>
    <subfield code="e">autor</subfield>
    <subfield code="9">106594</subfield>
  </datafield>
  <datafield tag="245" ind1="1" ind2="0">
    <subfield code="a">Implementaci&#xF3;n de estrategias pedag&#xF3;gicas de ense&#xF1;anza-aprendizaje relacionadas con las competencias en la resoluci&#xF3;n de problemas con operaciones matriciales en discentes de 5to. grado segundo ciclo del nivel secundario, Liceo Am&#xED;n Abel Hasb&#xFA;n, jornada extendida, Santo Domingo Este /</subfield>
    <subfield code="c">Mar&#xED;a Isabel Guzm&#xE1;n Hiciano ; asesor: Santiago de Jes&#xFA;s Artidiello Moreno</subfield>
  </datafield>
  <datafield tag="260" ind1=" " ind2=" ">
    <subfield code="a">Santo Domingo :</subfield>
    <subfield code="b">Universidad APEC,</subfield>
    <subfield code="c">2021</subfield>
  </datafield>
  <datafield tag="300" ind1=" " ind2=" ">
    <subfield code="a">67 hojas ;</subfield>
    <subfield code="e">+ 1 CD ROM</subfield>
  </datafield>
  <datafield tag="336" ind1=" " ind2=" ">
    <subfield code="a">Texto</subfield>
    <subfield code="b">txt</subfield>
    <subfield code="2">rdacontent</subfield>
  </datafield>
  <datafield tag="337" ind1=" " ind2=" ">
    <subfield code="a">sin mediaci&#xF3;n</subfield>
    <subfield code="b">n</subfield>
    <subfield code="2">rdamedia</subfield>
  </datafield>
  <datafield tag="338" ind1=" " ind2=" ">
    <subfield code="a">volumen</subfield>
    <subfield code="b">nc</subfield>
    <subfield code="2">rdacarrier</subfield>
  </datafield>
  <datafield tag="500" ind1=" " ind2=" ">
    <subfield code="a">Tesis en Formato PDF.
Tesis en Formato Electr&#xF3;nico.
Tesis en Formato Digital.</subfield>
  </datafield>
  <datafield tag="502" ind1=" " ind2=" ">
    <subfield code="a">Tesis (Maestr&#xED;a en Matem&#xE1;tica Superior) - Universidad APEC, 2021</subfield>
  </datafield>
  <datafield tag="504" ind1=" " ind2=" ">
    <subfield code="a">Incluye referencias bibliogr&#xE1;ficas e &#xED;ndice</subfield>
  </datafield>
  <datafield tag="505" ind1=" " ind2=" ">
    <subfield code="a">&#x2022;	INTRODUCCI&#xD3;N -- 1
&#x2022;	CAP&#xCD;TULO I. -- 11
&#x2022;	FUNDAMENTACI&#xD3;N TE&#xD3;RICA DE CORRIENTES Y ESTRATEGIAS PEDAG&#xD3;GICAS -- 11
&#x2022;	1.1 Corrientes pedag&#xF3;gicas y su evoluci&#xF3;n hist&#xF3;rica -- 12
&#x2022;	1.1.1 La pedagog&#xED;a tradicional -- 12
&#x2022;	1.1.2 La pedagog&#xED;a moderna -- 13
&#x2022;	1.1.3 Constructivismo -- 14
&#x2022;	1.1.4 Educaci&#xF3;n por competencia -- 15
&#x2022;	1.2 Estrategias pedag&#xF3;gicas -- 16
&#x2022;	1.2.1 Estrategias cognitivas -- 16
&#x2022;	1.2.2 Estrategias l&#xFA;dicas -- 17
&#x2022;	1.2.3 Estrategias metacognitivas -- 18
&#x2022;	1.2.4 Estrategias tecnol&#xF3;gicas -- 18
&#x2022;	1.3 Conclusiones del cap&#xED;tulo I -- 19
&#x2022;	CAP&#xCD;TULO II -- 21
&#x2022;	IMPORTANCIA DEL PROCESO ENSE&#xD1;ANZA - APRENDIZAJE EN LA ASIGNATURA DE MATEM&#xC1;TICA. -- 21
&#x2022;	2.1 Proceso ense&#xF1;anza-aprendizaje de las matem&#xE1;ticas-- 22
&#x2022;	2.1.1 &#xBF;C&#xF3;mo funciona el proceso de ense&#xF1;anza-aprendizaje?-- 23
&#x2022;	2.1.2 Cualidades de los docentes en la actualidad: -- 24
&#x2022;	2.2 Componentes del proceso ense&#xF1;anza - aprendizaje. -- 26
&#x2022;	2.3 An&#xE1;lisis del proceso ense&#xF1;anza - aprendizaje del dise&#xF1;o y evaluaci&#xF3;n competencia de las operaciones matriciales en estudiantes de quinto de secundaria. -- 30
&#x2022;	2.3.1 Liceo de jornada extendida Am&#xED;n Abel Hasb&#xFA;n -- 31
&#x2022;	2.4 Conclusi&#xF3;n del cap&#xED;tulo II -- 39
&#x2022;	CAP&#xCD;TULO III -- 40
&#x2022;	METODOLOG&#xCD;A PARA EL DESARROLLO DEL DISE&#xD1;O Y EVALUACI&#xD3;N POR COMPETENCIA DE LAS OPERACIONES MATRICIALES PARA LOS ESTUDIANTES DE QUINTO GRADO DE SECUNDARIA. -- 40
&#x2022;	3.1 Diagn&#xF3;stico de la situaci&#xF3;n actual del proceso ense&#xF1;anza - aprendizaje de las operaciones matriciales para los estudiantes de quinto de secundaria. -- 40
&#x2022;	3.2 Metodolog&#xED;a para la aplicaci&#xF3;n por competencias de las operaciones matriciales. -- 43
&#x2022;	3.2.1 Fundamentos te&#xF3;ricos que sustentan el aprendizaje metodol&#xF3;gico por competencia. -- 45
&#x2022;	3.2.2 Metodolog&#xED;a propuesta por competencia de las operaciones matriciales. -- 48
&#x2022;	3.2.3 Conceptos y definiciones de matrices -- 49
&#x2022;	3.2.4 Clasificaci&#xF3;n de las matrices: -- 50
&#x2022;	3.2.5 Operaciones entre matrices: -- 53
&#x2022;	3.3 Conclusi&#xF3;n del cap&#xED;tulo III -- 62
&#x2022;	CONCLUSIONES -- 63
&#x2022;	REFERENCIAS BIBLIOGR&#xC1;FICAS -- 65
&#x2022;	ANEXOS -- 68
&#x2022;	Anexo 1. Programa de la asignatura -- 68
&#x2022;	Anexo 2. Planificaci&#xF3;n de unidad realizada por los docentes. -- 70
&#x2022;	Anexo 3. Ficha de observaci&#xF3;n de los docentes en clases -- 76
&#x2022;	Anexo 4. Entrevista dirigida a maestros de matem&#xE1;tica del Liceo Am&#xED;n Abel Hasb&#xFA;n. -- 78
&#x2022;	Anexo 5. Encuesta realizada a los docentes del &#xE1;rea de matem&#xE1;ticas relaciona al tema de las operaciones matriciales del Liceo Am&#xED;n Abel Hasb&#xFA;n -- 79
&#x2022;	Anexo 6. Encuesta dirigida a los discentes relacionada al tema de las operaciones matriciales -- 81
&#x2022;	Anexo 7. Prueba diagn&#xF3;stica para los estudiantes de 5to de media del Liceo Am&#xED;n Abel Hasb&#xFA;n. -- 83
Anexo 8. Prueba final aplicada a los estudiantes de 5to de media del Liceo Am&#xED;n Abel Hasb&#xFA;n. -- 85</subfield>
  </datafield>
  <datafield tag="520" ind1=" " ind2=" ">
    <subfield code="a">La presente investigaci&#xF3;n plantea la necesidad de generar un cambio en los procesos de ense&#xF1;anza - aprendizaje, para favorecer el desarrollo de las competencias espec&#xED;ficas y fundamentales. Para esto, se analiza todo lo que implica el enfoque por competencia generada sobre el trabajo de los estudiantes y docentes de manera particular. As&#xED; como tambi&#xE9;n se muestran las caracter&#xED;sticas que deber&#xED;a tener una evaluaci&#xF3;n de los aprendizajes de las operaciones matriciales por competencias. Entre los cambios principales en educaci&#xF3;n actualmente es la puesta en marcha de los procesos formativos en los aprendizajes de los estudiantes y espec&#xED;ficamente en los resultados de estos aprendizaje expresados en competencias, lo que ha estimulado cambios la metodolog&#xED;a del proceso de ense&#xF1;anza. Estos cambios me han llevado a trabajar sobre la necesidad de revisar el proceso de ense&#xF1;anza -aprendizaje y la evaluaci&#xF3;n por competencias de las operaciones matriciales para que la transformaci&#xF3;n propuesta sea real y efectiva.</subfield>
  </datafield>
  <datafield tag="650" ind1=" " ind2="7">
    <subfield code="a">Matem&#xE1;ticas</subfield>
    <subfield code="x">Ense&#xF1;anza</subfield>
    <subfield code="9">106879</subfield>
  </datafield>
  <datafield tag="650" ind1=" " ind2="7">
    <subfield code="a">Matem&#xE1;ticas</subfield>
    <subfield code="x">Problemas, ejercicios, etc.</subfield>
    <subfield code="9">106880</subfield>
  </datafield>
  <datafield tag="650" ind1=" " ind2="7">
    <subfield code="a">Matrices (Matem&#xE1;ticas)</subfield>
    <subfield code="x">Problemas, ejercicios, etc.</subfield>
    <subfield code="9">106881</subfield>
  </datafield>
  <datafield tag="650" ind1=" " ind2="7">
    <subfield code="a">Pedagog&#xED;a</subfield>
    <subfield code="9">106882</subfield>
  </datafield>
  <datafield tag="700" ind1=" " ind2="0">
    <subfield code="a">Artidiello Moreno, Santiago de Jes&#xFA;s</subfield>
    <subfield code="e">asesor</subfield>
    <subfield code="9">89610</subfield>
  </datafield>
  <datafield tag="856" ind1=" " ind2=" ">
    <subfield code="u">https://bibliotecaunapec.blob.core.windows.net/tesis/TPG_CI_MAS_03_2021_ET220087.pdf</subfield>
    <subfield code="y">Hacer clic para ver el&#xA0;PDF&#xA0;(1.17 MB). Trabajo de posgrado</subfield>
  </datafield>
  <datafield tag="942" ind1=" " ind2=" ">
    <subfield code="2">ddc</subfield>
    <subfield code="c">TES</subfield>
  </datafield>
  <datafield tag="999" ind1=" " ind2=" ">
    <subfield code="c">14644</subfield>
    <subfield code="d">14644</subfield>
  </datafield>
  <datafield tag="952" ind1=" " ind2=" ">
    <subfield code="0">0</subfield>
    <subfield code="1">0</subfield>
    <subfield code="2">ddc</subfield>
    <subfield code="4">0</subfield>
    <subfield code="7">0</subfield>
    <subfield code="a">RII</subfield>
    <subfield code="b">RII</subfield>
    <subfield code="d">2026-02-18</subfield>
    <subfield code="l">0</subfield>
    <subfield code="r">2026-02-18 13:49:46</subfield>
    <subfield code="w">2026-02-18</subfield>
    <subfield code="y">TED</subfield>
  </datafield>
</record>
